| 000 | 00903nam a22002297a 4500 | ||
|---|---|---|---|
| 005 | 20220719145123.0 | ||
| 008 | 220719b ||||| |||| 00| 0 eng d | ||
| 020 | _a058608200X | ||
| 040 | _cAloy | ||
| 041 | _aeng | ||
| 082 |
_223 _a942.924 _bFOOA |
||
| 100 |
_aMichael Foot _951298 |
||
| 245 | _aAneurin Bevan | ||
| 260 |
_aLondon _bGranada Publishing _c1979 |
||
| 300 |
_avii,352p. _bPB _c19x11cm. |
||
| 365 | _2History | ||
| 520 | _aAn abridged version of Michael Foot's biography of Labour leader Aneurin Bevan, published to commemorate the centenary of his birth. Bevan died in 1960, and was acclaimed by all sides as a great politician. Throughout his life he was at the centre of controversy, seemingly at war with leaders of all political parties, including his own. | ||
| 650 |
_aBiography _951295 |
||
| 650 |
_aSocialist _951296 |
||
| 700 |
_aFOOT (Michael) _951297 |
||
| 942 |
_2ddc _cGF |
||
| 999 |
_c223983 _d223983 |
||